Génesis del regionalismo y localismo cusqueño / (Record no. 1752)

000 -CABECERA
fixed length control field 01034nam a22002177a 4500
003 - IDENTIFICADOR DEL NÚMERO DE CONTROL
control field AR-CdUCM
008 - DATOS DE LONGITUD FIJA--INFORMACIÓN GENERAL
fixed length control field 190227b ||||| |||| 00| 0 spa d
040 ## - FUENTE DE LA CATALOGACIÓN
Agencia/entidad que catalogó originalmente la obra MUNICIPALIDAD PROVINCIAL DEL CUSCO
Entidad que transcribió la catalogación BIBLIOTECA MUNICIPAL DEL CUSCO
082 ## - NÚMERO DE LA CLASIFICACIÓN DECIMAL DEWEY
No. de Clasificación 307.66 /
Notacion interna C18
100 ## - ENTRADA PRINCIPAL--NOMBRE DE PERSONA
Nombre Personal Calvo C., Rossano
245 ## - MENCIÓN DE TÍTULO
Título Génesis del regionalismo y localismo cusqueño /
260 ## - PUBLICACIÓN, DISTRIBUCIÓN, ETC.
Lugar de publicación, distribución, etc. Cusco :
Nombre de la editorial, distribuidor, etc. Municipalidad de Wanchaq,
Fecha de publicación, distribución, etc. 1998.
300 ## - DESCRIPCIÓN FÍSICA
Nº de Páginas Extensión 91 páginas ;
Otros detalles físicos Fotografás
Dimensiones 20 cm.
505 ## - NOTA DE CONTENIDO CON FORMATO
Nota de contenido formateada El serrano esta terriblemente exacerbado -- Localismo, tradición y proyectos endogenos en el Cusco aldeano (1900-1955) -- Angel Vega Enriquez, la producción del discurso de la tradición local y del regionalismo cusqueño -- Jose Uriel García y los fundamentos de la crítica a la tradición -- El tradicionalismo modernizante del Cusco aldeano ...
650 ## - PUNTO DE ACCESO ADICIONAL DE MATERIA--TÉRMINO DE MATERIA
Descriptor Regionalismo
9 (RLIN) 5410
650 ## - PUNTO DE ACCESO ADICIONAL DE MATERIA--TÉRMINO DE MATERIA
Descriptor Tradicion local
9 (RLIN) 6441
650 ## - PUNTO DE ACCESO ADICIONAL DE MATERIA--TÉRMINO DE MATERIA
Descriptor Tradición
9 (RLIN) 2713
700 ## - PUNTO DE ACCESO ADICIONAL--NOMBRE DE PERSONA
Nombre Personal Amado Gonzalez, Donato
9 (RLIN) 6442
942 ## - ELEMENTOS DE PUNTO DE ACCESO ADICIONAL (KOHA)
Fuente de clasificación
Tipo de item Libros-BMC
945 ## - PROCESAMIENTO DE INFORMACIÓN LOCAL (OCLC)
Catalogador afb
AAAA-MM-DD - Fecha de ingreso o modificacion 2019-02-27
Holdings
Estado de retiro (separado) Fuente de clasificación o esquema de estanterías Estado dañado Ubicación Sala donde se ubica Nombre de la colección Fecha de adquisición o compra Costo, precio normal en soles Signatura topográfica Código de Barras Última vez visto (Koha) Tipo de ítem (Koha)
No     Sala Cusco Antiguo Sala Cusco Antiguo Book Cart 2019-04-08 23.00 C / 307.66 / C18 SCA0002207 2019-04-08 Libros-BMC
No     Sala Humanidades Sala Humanidades Book Cart 2019-02-27 23.00 307.66 / C18 SH0000002134 2019-02-27 Libros-BMC

Powered by Koha